| 000 | 00440nam a22001697a 4500 | ||
|---|---|---|---|
| 003 | MPLRDC | ||
| 005 | 20220104143011.0 | ||
| 008 | 210129b ||||| |||| 00| 0 eng d | ||
| 082 | _a947.41 SJWX v.1 | ||
| 100 | _a不详 | ||
| 245 |
_a一零一忠狗 _c |
||
| 260 |
_a _b正言出版社 _c |
||
| 300 | _b精 | ||
| 490 | _a世界文学名著儿童卡通图画故事集. 1 | ||
| 650 | _a卡通图画故事集 | ||
| 942 |
_cBK _o947.41 SJWX v.1 |
||
| 999 |
_c35655 _d35645 |
||